The complete poems and selected letters and prose of Hart Crane / (Record no. 200468081)

MARC details
000 -LEADER
fixed length control field 02186cam a2200385 i 4500
001 - CONTROL NUMBER
control field 200468081
003 - CONTROL NUMBER IDENTIFIER
control field TR-AnTOB
005 - DATE AND TIME OF LATEST TRANSACTION
control field 20260413151129.0
007 - PHYSICAL DESCRIPTION FIXED FIELD--GENERAL INFORMATION
fixed length control field ta
008 - FIXED-LENGTH DATA ELEMENTS--GENERAL INFORMATION
fixed length control field 260413s1966 nyu b 001 0 eng
010 ## - LIBRARY OF CONGRESS CONTROL NUMBER
LC control number 66008089
035 ## - SYSTEM CONTROL NUMBER
System control number (OCoLC)ocm00315773
System control number (TR-AnTOB)200468081
040 ## - CATALOGING SOURCE
Original cataloging agency DLC
Language of cataloging eng
Description conventions rda
Transcribing agency FIN
Modifying agency OCL
-- SER
-- BAKER
-- BTCTA
-- RBN
-- IAK
-- OCLCA
-- STF
-- OTP
-- DEBBG
-- YDXCP
-- OCLCF
-- OCLCQ
-- OCL
-- LMR
-- OCLCA
-- PAU
-- OCLCQ
-- CNO
-- OCLCQ
-- UKUOY
-- OCLCQ
-- CUY
-- CBA
-- UMK
-- OCLCO
-- OCL
-- ALAUL
-- OCL
-- OCLCO
-- OCLCQ
-- VI#
-- OCLCO
-- OBE
-- OCLCL
-- OCLCQ
-- TR-AnTOB
041 0# - LANGUAGE CODE
Language code of text/sound track or separate title İngilizce
050 04 - LIBRARY OF CONGRESS CALL NUMBER
Classification number PS3505.R272
Item number 1966
090 ## - LOCALLY ASSIGNED LC-TYPE CALL NUMBER (OCLC); LOCAL CALL NUMBER (RLIN)
Classification number (OCLC) (R) ; Classification number, CALL (RLIN) (NR) PS3505.R272
Local cutter number (OCLC) ; Book number/undivided call number, CALL (RLIN) 1966
100 1# - MAIN ENTRY--PERSONAL NAME
Personal name Crane, Hart,
Dates associated with a name 1899-1932
Relator term author
Relator code aut
9 (RLIN) 152997
245 14 - TITLE STATEMENT
Title The complete poems and selected letters and prose of Hart Crane /
Statement of responsibility, etc. Hart Crane ; edited with an introduction and notes by Brom Weber.
264 #1 - PRODUCTION, PUBLICATION, DISTRIBUTION, MANUFACTURE, AND COPYRIGHT NOTICE
Place of production, publication, distribution, manufacture Garden City, N.Y. :
Name of producer, publisher, distributor, manufacturer Anchor Books,
Date of production, publication, distribution, manufacture, or copyright notice 1966.
300 ## - PHYSICAL DESCRIPTION
Extent xvii, 302 pages ;
Dimensions 18 cm
336 ## - CONTENT TYPE
Content type term text
Content type code txt
Source rdacontent
337 ## - MEDIA TYPE
Media type term unmediated
Media type code n
Source rdamedia
338 ## - CARRIER TYPE
Carrier type term volume
Carrier type code nc
Source rdacarrier
504 ## - BIBLIOGRAPHY, ETC. NOTE
Bibliography, etc. note Includes bibliographical references and index.
505 0# - FORMATTED CONTENTS NOTE
Formatted contents note Introduction -- White buildings -- The bridge -- Uncollected poems -- Early poems -- Late poems : Key West : an island sheaf -- More late poems -- Selected prose -- The case against Nietzsche -- Joyce and ethics -- Review of The Ghetto and Other Poems -- Review of Minna and Myself -- Review of Winesburg, Ohio -- A note on Minns -- Sherwood Anderson -- Review of Eight More Harvard Poets -- General aims and theories -- A letter to Gorham Munson -- A letter to Waldo Frank -- A letter to Harriet Monroe -- A letter to Yvor Winters -- A letter to Otto H. Kahn -- A letter to Herbert Weinstock -- A letter to Allen Tate -- Modern poetry -- From haunts of Proserpine.
600 10 - SUBJECT ADDED ENTRY--PERSONAL NAME
Personal name Crane, Hart,
Dates associated with a name 1899-1932.
Title of a work Correspondence
9 (RLIN) 153608
650 #0 - SUBJECT ADDED ENTRY--TOPICAL TERM
Topical term or geographic name entry element Poetry
Form subdivision Collections
9 (RLIN) 100147
Topical term or geographic name entry element Poets, American
Chronological subdivision 20th century
Form subdivision Correspondence
9 (RLIN) 153196
655 #7 - INDEX TERM--GENRE/FORM
Genre/form data or focus term Poetry
Source of term lcgft
9 (RLIN) 151583
700 1# - ADDED ENTRY--PERSONAL NAME
Personal name Weber, Brom,
Dates associated with a name 1917-1998
Relator term editor,
Relator code edt
Relator term writer of introduction
Relator code win
9 (RLIN) 153609
942 ## - ADDED ENTRY ELEMENTS (KOHA)
Source of classification or shelving scheme Library of Congress Classification
Koha item type Book
Holdings
Withdrawn status Lost status Source of classification or shelving scheme Not for loan Collection code Home library Current library Shelving location Date acquired Source of acquisition Inventory number Total Checkouts Full call number Date last seen Copy number Date shelved Koha item type Public note
    Library of Congress Classification Ödünç Verilemez-Kurumiçi kullanım / Not for loan-For inhouse use Genel Koleksiyon Tıp Fakültesi Medikal Kütüphane Tıp Fakültesi Medikal Kütüphane Genel Koleksiyon / Main Collection 18/03/2026 Bağış / Donation İDE   PS3505.R272 1966 tıpFaK 13/04/2026 1 13/04/2026 Book Donated by Prof. Dr. Şükrü Cin
Devinim Yazılım Eğitim Danışmanlık tarafından Koha'nın orjinal sürümü uyarlanarak geliştirilip kurulmuştur.